000 00570cam a22002053a 4500
001 40563
003 PGUSA
005 20140828083915.0
008 120822s2012||||xxu|||||s|||||000 | eng d
040 _aPGUSA
_beng
042 _adc
100 1 _aBennett, Rolf
245 1 0 _aCaptain Calamity :
_bSecond Edition
_h[electronic resource] /
_cRolf Bennett
260 _bProject Gutenberg,
_c2012
506 _aPublic domain in the USA.
516 _aElectronic text
830 0 _aProject Gutenberg
_v40563
856 4 0 _uhttp://www.gutenberg.org/ebooks/40563
942 _cEB
999 _c269816
_d269816